| 000 | 00893nam a2200277 a 4500 | ||
|---|---|---|---|
| 999 |
_c10669 _d10669 |
||
| 001 | 3993353 | ||
| 003 | OSt | ||
| 005 | 20210301165052.0 | ||
| 008 | 930305s1992 ilua 000 0 eng d | ||
| 010 | _a 95237510 | ||
| 020 | _a1561737445 | ||
| 035 | _a(OCoLC)27673341 | ||
| 040 |
_aO _cO _dDLC |
||
| 042 | _alccopycat | ||
| 050 | 0 | 4 |
_aTT970 _bW967H |
| 082 | 0 | 4 |
_a646.7/242 _220 _bW967H |
| 100 | 1 | _aWurdinger, Victoria. | |
| 245 | 1 | 0 |
_aHome haircutting made easy / _cVictoria Wurdinger. |
| 246 | 1 |
_iSubtitle on cover: _aStep-by-step styles for the whole family |
|
| 260 |
_aLincolnwood, Ill. : _bPublications International, _cc1992. |
||
| 300 |
_a64 p. : _bcol. ill. ; _c28 cm. |
||
| 650 | 0 | _aHaircutting. | |
| 906 |
_a7 _bcbc _ccopycat _d3 _encip _f19 _gy-gencatlg |
||
| 942 |
_2ddc _cBK |
||